Polskie województwa - Statystyki

Ogólne statystyki
  • Ten quiz został rozwiązany 34 razy
  • Średni wynik to 14 z 16
Statystyki odpowiedzi
Odpowiedź % Poprawnych
lubuskie
97%
mazowieckie
97%
pomorskie
97%
lubelskie
93%
śląskie
93%
zachodniopomorskie
90%
dolnośląskie
87%
małopolskie
87%
podkarpackie
87%
podlaskie
87%
warmińsko-mazurskie
87%
wielkopolskie
87%
świętokrzyskie
83%
kujawsko-pomorskie
80%
opolskie
80%
łódzkie
77%
Nie znaleziono quizów pasujących do podanych kryteriów
Rozkład punktacji
Procent ludzi z każdym wynikiem
Percentyl według liczby udzielonych odpowiedzi
Twoja historia wyników
Nie rozwiązałeś tego quizu